| 000 | 00961nam a22002537a 4500 | ||
|---|---|---|---|
| 005 | 20170124103114.0 | ||
| 010 | _aA-154590 | ||
| 020 | _c50.00 | ||
| 035 | _aA-154590 | ||
| 037 | _bCen Lib/Ret | ||
| 040 |
_aDPL _bHN |
||
| 082 |
_aउ _bजैनेन्द |
||
| 100 |
_aजैनन्द्रकुमार _947044 |
||
| 245 |
_aजयवर्धन / _cजैनन्द्रकुमार |
||
| 246 |
_aJaivardhan / _bby Jainendra Kumar |
||
| 260 |
_aनई दिल्ली _bपूर्वोदय प्रकाशन _c1982 |
||
| 270 |
_a7/8, दरियागंज _bनई दिल्ली _e110032 |
||
| 300 |
_a323पृ. _c21सेमी(सजिल्द) |
||
| 650 |
_a साहित्य--उपन्यास _980567 |
||
| 650 |
_aहिंदी उपन्यास _980568 |
||
| 650 |
_a Literature--Novel _980569 |
||
| 650 |
_aHindi novel _980570 |
||
| 942 |
_2ddc _cHN _hउ _mजैनेन्द |
||
| 999 |
_c118479 _d118479 |
||